Normal view
MARC view
Entry Personal Name
001 - CONTROL NUMBER
- control field: 909775
003 - CONTROL NUMBER IDENTIFIER
- control field: OSt
005 - DATE AND TIME OF LATEST TRANSACTION
- control field: 20260120130007.0
008 - FIXED-LENGTH DATA ELEMENTS
- fixed length control field: 260120|| aca||aabn | a|a d
040 ## - CATALOGING SOURCE
- Original cataloging agency: OSt
- Transcribing agency: OSt
100 ## - HEADING--PERSONAL NAME
- Personal name: Carrington
670 ## - SOURCE DATA FOUND
- Source citation: Work cat.: (OSt)1501674: Carrington, Love at Last Sight: Dating, Intimacy, and Risk in Turn-of-the-Century Berlin, 2019
